000 01218nam a2200313 4500
001 0000017331
003 CO-CtgCURN
005 20250331185147.0
007 ta
008 160627s2000 000 0 eng d
020 _a9701026829
040 _aCO-CtgCURN
_bspa
_ccoctgcurn
082 0 _a611.8
_bT73m
100 1 _aTreviño Alanis, María Guadalupe.
245 1 0 _aManual de neuroanatomía humana /
_cMaría Guadalupe Triviño Alanis.
250 _a2a ed.
260 _aMexico :
_bInteramericana McGraw,
_c2000.
300 _a87 p.
336 _2rdacontent
337 _2rdamedia
_asin mediacion
_bn
338 _2rdacarrier
_avolumen
_bnc
500 _aIncluye indice Alfabetico y Glosario.
504 _aBibliografia (p. 79-80)
505 8 _aSistema nervioso clasificacion sistema nervioso periferico plexo cervical.--Descripcion de los nervios craneals.--Vias de conducción motoras.--Sistema nervioso central.--Descripcion de los nervios craneales.--Vias de conducción sensoriales.--Vias de conducción motoras
650 1 4 _aAnatomía topografica y funcional.
908 _a160627
942 _cBK
_h611.8
_iT73m
_2ddc
999 _c21631
_d21631